000
00369nam a22001337a 4500
082
_a
344.5491
100
_a
Ali, Zaka
245
_a
Law of Factories:
_b
Amended & Corrected /
_c
Zaka Ali
260
_a
Karachi :
_b
The Ideal Publishers,
_c
2016.
300
_a
456 p. ;
_c
24 cm.
942
_2
ddc
_c
BK
999
_c
587159
_d
587159